Marcatori della Lazio in UEFA Europa League 2013-2014 - Statistics

Statistiche generali
  • Questo quiz è stato fatto 5 volte
  • Il punteggio medio è 6 su 11
Statistiche sulle risposte
Partita Minuto Marcatore % Corretto
Ludogorec - Lazio 3-3 82' Miroslav Klose
100%
Lazio - Legia Varsavia 1-0 53' Hernanes
80%
Trabzonspor - Lazio 3-3 84' Sergio Floccari
60%
Trabzonspor - Lazio 3-3 89' Sergio Floccari
60%
Lazio - Apollōn Limassol 2-1 14' Sergio Floccari
60%
Lazio - Apollōn Limassol 2-1 37' Sergio Floccari
60%
Legia Varsavia - Lazio 0-2 57' Felipe Anderson
40%
Trabzonspor - Lazio 3-3 29' Ogenyi Onazi
40%
Legia Varsavia - Lazio 0-2 24' Brayan Perea
20%
Ludogorec - Lazio 3-3 54' Brayan Perea
20%
Ludogorec - Lazio 3-3 1' Keita Baldé
20%
Nessun quiz corrispondente trovato
Distribuzione punteggi
Percentuale di utenti per punteggio
Percentile per numero di risposta
I tuoi punteggi nel tempo
Non hai fatto questo quiz